The Balkans, the terror of culture : essays in political anthropology /

Saved in:
நூற்பட்டியல் விவரங்கள்
தலைமை எழுத்தாளர்: Čolović, Ivan, 1938-
வடிவம்: புத்தகம்
மொழி:English
வெளியீடப்பட்டது: Baden-Baden : Nomos, 2011.
பதிப்பு:1. Aufl.
தொகுதி:Southeast European integration perspectives ; 5.
பகுதிகள்:
குறியீடுகள்: குறிச்சொல் இணை
குறியீடுகள் இல்லை, இந்த குறிச்சொல்லை முதலில் பதிவு செய்யுங்கள்!
LEADER 01498nam a2200385Ia 4500
001 012786830-5
005 20110829145638.0
008 110720s2011 gw a b 000 0 eng d
020 |a 9783832963033 (pbk.) 
035 0 |a ocn696099012 
040 |a NyNyMAR  |c NyNyMAR 
041 1 |a eng  |h srp 
043 |a ed----- 
090 |a DR24  |b .C6513 2011 
100 1 |a Čolović, Ivan,  |d 1938- 
240 1 0 |a Balkan, teror kulture  |l English 
245 1 4 |a The Balkans, the terror of culture :  |b essays in political anthropology /  |c Ivan Čolović. 
246 3 0 |a Essays in political anthropology 
250 |a 1. Aufl. 
260 |a Baden-Baden :  |b Nomos,  |c 2011. 
300 |a 195 p. :  |b ill. ;  |c 23 cm. 
490 1 |a Southeast European integration perspectives ;  |v 5 
546 |a Original in Polish, translated from Serbian. 
504 |a Includes bibliographical references. 
651 0 |a Balkan Peninsula  |x Civilization  |y 21st century. 
651 0 |a Balkan Peninsula  |x Ethnic relations  |x History  |y 21st century. 
651 0 |a Balkan Peninsula  |x Ethnic relations  |x Political aspects  |y 21st century. 
651 0 |a Balkan Peninsula  |x Ethnic relations  |x Religious aspects  |y 21st century. 
650 0 |a Nationalism  |z Balkan Peninsula  |x History  |y 21st century. 
650 0 |a National characteristics, Balkan  |x Psychological aspects. 
650 0 |a Gusle  |z Balkan Peninsula  |x Psychological aspects. 
830 0 |a Southeast European integration perspectives ;  |v 5. 
899 |a 415_565473 
988 |a 20110527 
906 |0 VEN